Name all the Chess Pieces in 3 minutes - Statistics

General Stats
  • This quiz has been taken 295 times
  • The average score is 6 of 6
Answer Stats
How it moves Piece % Correct
moves 1 space in any direction King
99%
Can move in any direction Queen
98%
moves in a 'l' shape Knight
95%
moves forward Pawn
95%
moves only diagonally Bishop
93%
only moves across and up Rook
90%
No matching quizzes found
Score Distribution
Percent of People with Each Score
Percentile by Number Answered
Your Score History
You have not taken this quiz